[Event "DEM U14 2021"]
[Site "Willingen GER"]
[Date "2021.08.29"]
[Round "9"]
[White "Ohler, Julius"]
[Black "Hecht, Jonas Christian"]
[Result "0-1"]
[Termination "normal"]
[Board "4"]
[WhiteElo "2014"]
[BlackElo "1948"]
[WhiteClock "00:17:49"]
[BlackClock "00:21:31"]
[PlyCount "56"]
[WhiteFideId "16238982"]
[BlackFideId "16214846"]
[EventCountry "GER"]
[EventRounds "9"]
[EventType "swiss"]
[EventDate "2021.08.22"]

1. d4 {[%clk 1:30:59]} d5 {[%clk 1:30:55]} 2. c4 {[%clk 1:31:25]} e6 {[%clk
1:31:23]} 3. Nc3 {[%clk 1:31:46]} Nf6 {[%clk 1:31:44]} 4. Bg5 {[%clk 1:32:01]}
Nbd7 {[%clk 1:31:43]} 5. e3 {[%clk 1:31:54]} c6 {[%clk 1:31:34]} 6. Nf3 {[%clk
1:31:46]} Be7 {[%clk 1:32:00]} 7. Qc2 {[%clk 1:30:51]} h6 {[%clk 1:31:07]} 8.
Bf4 {[%clk 1:30:03]} Qa5 {[%clk 1:28:14]} 9. Nd2 {[%clk 1:22:32]} O-O {[%clk
1:18:17]} 10. g4 {[%clk 1:13:36]} Bb4 {[%clk 1:10:55]} 11. Bd3 {[%clk 1:05:36]}
Re8 {[%clk 1:05:07]} 12. Nb3 {[%clk 0:57:25]} Bxc3+ {[%clk 1:03:57]} 13. bxc3
{[%clk 0:57:25]} Qa4 {[%clk 0:59:10]} 14. cxd5 {[%clk 0:53:01]} e5 {[%clk
0:59:26]} 15. Bg3 {[%clk 0:51:56]} cxd5 {[%clk 0:55:53]} 16. Qe2 {[%clk
0:42:54]} e4 {[%clk 0:48:13]} 17. Bb5 {[%clk 0:38:15]} Qa3 {[%clk 0:48:32]} 18.
Rg1 {[%clk 0:37:01]} a6 {[%clk 0:46:27]} 19. g5 {[%clk 0:35:57]} hxg5 {[%clk
0:43:31]} 20. Bxd7 {[%clk 0:36:09]} Bxd7 {[%clk 0:43:52]} 21. Be5 {[%clk
0:34:41]} Nh7 {[%clk 0:43:22]} 22. Rb1 {[%clk 0:26:31]} Rac8 {[%clk 0:37:31]}
23. Qd2 {[%clk 0:25:13]} b6 {[%clk 0:29:54]} 24. h4 {[%clk 0:23:20]} f6 {[%clk
0:28:09]} 25. Bg3 {[%clk 0:23:37]} Rc6 {[%clk 0:28:28]} 26. Qc1 {[%clk
0:17:40]} Qxa2 {[%clk 0:22:52]} 27. Nd2 {[%clk 0:18:01]} Qa5 {[%clk 0:23:06]}
28. c4 {[%clk 0:17:49]} Rxc4 {[%clk 0:21:31]} 0-1

[Event "DEM U14 2021"]
[Site "Willingen GER"]
[Date "2021.08.29"]
[Round "9"]
[White "Hagner, Bennet"]
[Black "Klühs, Gustaf"]
[Result "1-0"]
[Termination "normal"]
[Board "5"]
[WhiteElo "2118"]
[BlackElo "1869"]
[WhiteClock "00:04:21"]
[BlackClock "00:27:35"]
[PlyCount "111"]
[WhiteFideId "16224477"]
[BlackFideId "16228936"]
[EventCountry "GER"]
[EventRounds "9"]
[EventType "swiss"]
[EventDate "2021.08.22"]

1. e4 {[%clk 1:30:57]} e6 {[%clk 1:30:56]} 2. d4 {[%clk 1:31:21]} d5 {[%clk
1:31:22]} 3. Nc3 {[%clk 1:31:47]} Nf6 {[%clk 1:31:48]} 4. e5 {[%clk 1:32:09]}
Nfd7 {[%clk 1:32:15]} 5. f4 {[%clk 1:32:31]} c5 {[%clk 1:32:41]} 6. Nf3 {[%clk
1:32:55]} Nc6 {[%clk 1:33:09]} 7. Be3 {[%clk 1:33:17]} a6 {[%clk 1:33:07]} 8.
Qd2 {[%clk 1:33:05]} b5 {[%clk 1:31:23]} 9. a3 {[%clk 1:29:43]} Be7 {[%clk
1:24:24]} 10. dxc5 {[%clk 1:24:08]} Bxc5 {[%clk 1:23:50]} 11. Bf2 {[%clk
1:23:22]} O-O {[%clk 1:16:19]} 12. Bd3 {[%clk 1:16:56]} h6 {[%clk 1:14:31]} 13.
O-O {[%clk 1:09:19]} Qb6 {[%clk 1:13:48]} 14. Rae1 {[%clk 1:02:29]} Bxf2+
{[%clk 1:09:47]} 15. Qxf2 {[%clk 1:02:01]} Qxf2+ {[%clk 1:09:52]} 16. Kxf2
{[%clk 0:59:39]} b4 {[%clk 1:08:31]} 17. axb4 {[%clk 0:56:47]} Nxb4 {[%clk
1:08:48]} 18. Ke3 {[%clk 0:55:56]} Nc5 {[%clk 1:08:04]} 19. Nd4 {[%clk
0:54:43]} Bd7 {[%clk 1:07:20]} 20. Ra1 {[%clk 0:52:14]} Rfb8 {[%clk 1:07:21]}
21. Ra5 {[%clk 0:45:13]} Nb7 {[%clk 1:04:01]} 22. Ra3 {[%clk 0:45:20]} Nc5
{[%clk 1:03:33]} 23. Ra5 {[%clk 0:43:24]} Nb7 {[%clk 1:01:42]} 24. Ra3 {[%clk
0:43:47]} Nc5 {[%clk 1:02:09]} 25. b3 {[%clk 0:37:33]} Rb6 {[%clk 1:00:10]} 26.
Na2 {[%clk 0:33:02]} Nc6 {[%clk 0:55:17]} 27. Nxc6 {[%clk 0:26:59]} Bxc6 {[%clk
0:55:20]} 28. Kd4 {[%clk 0:22:17]} Nxd3 {[%clk 0:46:48]} 29. cxd3 {[%clk
0:22:33]} Bb5 {[%clk 0:46:57]} 30. Rc1 {[%clk 0:22:30]} Rab8 {[%clk 0:46:46]}
31. g4 {[%clk 0:17:40]} f6 {[%clk 0:42:10]} 32. b4 {[%clk 0:17:06]} R8b7 {[%clk
0:39:44]} 33. Rc8+ {[%clk 0:16:36]} Kf7 {[%clk 0:39:22]} 34. Rac3 {[%clk
0:16:59]} g5 {[%clk 0:37:01]} 35. Rh8 {[%clk 0:11:27]} Kg7 {[%clk 0:35:51]} 36.
Rcc8 {[%clk 0:11:49]} fxe5+ {[%clk 0:33:53]} 37. fxe5 {[%clk 0:11:44]} Kg6
{[%clk 0:30:09]} 38. Rcg8+ {[%clk 0:07:53]} Rg7 {[%clk 0:30:26]} 39. Rf8 {[%clk
0:08:17]} Rf7 {[%clk 0:30:04]} 40. Rxh6+ {[%clk 0:07:48]} Kxh6 {[%clk 0:28:44]}
41. Rxf7 {[%clk 0:08:17]} Rc6 {[%clk 0:29:06]} 42. Nc3 {[%clk 0:08:03]} Bc4
{[%clk 0:26:43]} 43. dxc4 {[%clk 0:05:08]} Rxc4+ {[%clk 0:27:08]} 44. Kd3
{[%clk 0:05:36]} Rxg4 {[%clk 0:26:42]} 45. Rf6+ {[%clk 0:05:59]} Kg7 {[%clk
0:27:05]} 46. Rxe6 {[%clk 0:06:15]} Rxb4 {[%clk 0:27:27]} 47. Rxa6 {[%clk
0:04:44]} Rh4 {[%clk 0:27:28]} 48. Nxd5 {[%clk 0:03:38]} Rxh2 {[%clk 0:27:45]}
49. Ne3 {[%clk 0:04:05]} Rf2 {[%clk 0:27:35]} 50. Ra1 {[%clk 0:02:16]} Rf4
{[%clk 0:26:55]} 51. Rf1 {[%clk 0:02:26]} Ra4 {[%clk 0:27:16]} 52. Nf5+ {[%clk
0:02:50]} Kf7 {[%clk 0:27:38]} 53. Nd4+ {[%clk 0:03:10]} Ke7 {[%clk 0:27:49]}
54. Ke4 {[%clk 0:03:37]} Ra8 {[%clk 0:27:12]} 55. Rg1 {[%clk 0:04:01]} Rg8
{[%clk 0:27:35]} 56. Rg4 {[%clk 0:04:21]} 1-0

[Event "DEM U14 2021"]
[Site "Willingen GER"]
[Date "2021.08.29"]
[Round "9"]
[White "Heinrich, John"]
[Black "Hänselmann, Hendrik"]
[Result "1-0"]
[Termination "normal"]
[Board "6"]
[WhiteElo "1911"]
[BlackElo "1859"]
[WhiteClock "00:45:48"]
[BlackClock "00:37:24"]
[PlyCount "63"]
[WhiteFideId "16259491"]
[BlackFideId "16232755"]
[EventCountry "GER"]
[EventRounds "9"]
[EventType "swiss"]
[EventDate "2021.08.22"]

1. e4 {[%clk 1:30:58]} c6 {[%clk 1:30:58]} 2. d4 {[%clk 1:31:16]} d5 {[%clk
1:31:24]} 3. Nc3 {[%clk 1:31:41]} dxe4 {[%clk 1:31:51]} 4. Nxe4 {[%clk
1:32:04]} Bf5 {[%clk 1:32:17]} 5. Ng3 {[%clk 1:32:18]} Bg6 {[%clk 1:32:41]} 6.
Nf3 {[%clk 1:32:34]} Nd7 {[%clk 1:33:02]} 7. h4 {[%clk 1:32:54]} h6 {[%clk
1:33:28]} 8. h5 {[%clk 1:33:21]} Bh7 {[%clk 1:33:53]} 9. Bd3 {[%clk 1:33:46]}
Bxd3 {[%clk 1:34:15]} 10. Qxd3 {[%clk 1:34:08]} e6 {[%clk 1:34:18]} 11. Bf4
{[%clk 1:33:58]} Qa5+ {[%clk 1:33:19]} 12. Bd2 {[%clk 1:34:18]} Bb4 {[%clk
1:33:18]} 13. c3 {[%clk 1:33:28]} Be7 {[%clk 1:33:26]} 14. c4 {[%clk 1:30:35]}
Qb6 {[%clk 1:33:40]} 15. O-O-O {[%clk 1:28:03]} Ngf6 {[%clk 1:33:32]} 16. Ne4
{[%clk 1:26:25]} O-O-O {[%clk 1:28:17]} 17. Bc3 {[%clk 1:20:28]} Nxe4 {[%clk
1:09:52]} 18. Qxe4 {[%clk 1:19:26]} Nf6 {[%clk 1:10:02]} 19. Qe2 {[%clk
1:15:51]} Qc7 {[%clk 1:00:15]} 20. Ne5 {[%clk 1:13:27]} Bd6 {[%clk 1:00:16]}
21. f4 {[%clk 1:13:13]} Rhf8 {[%clk 0:52:04]} 22. Rh3 {[%clk 1:09:45]} Bxe5
{[%clk 0:47:37]} 23. fxe5 {[%clk 0:59:23]} Nh7 {[%clk 0:46:53]} 24. Bb4 {[%clk
0:57:39]} Rfe8 {[%clk 0:44:19]} 25. Bd6 {[%clk 0:56:11]} Qd7 {[%clk 0:44:08]}
26. c5 {[%clk 0:52:20]} Ng5 {[%clk 0:40:38]} 27. Ra3 {[%clk 0:52:35]} a6 {[%clk
0:40:48]} 28. Rdd3 {[%clk 0:45:36]} Re7 {[%clk 0:38:04]} 29. Rdb3 {[%clk
0:45:14]} Qe8 {[%clk 0:36:45]} 30. Rxa6 {[%clk 0:45:25]} bxa6 {[%clk 0:36:57]}
31. Qxa6+ {[%clk 0:45:48]} Kd7 {[%clk 0:37:24]} 32. Qb7# 1-0

[Event "DEM U14 2021"]
[Site "Willingen GER"]
[Date "2021.08.29"]
[Round "9"]
[White "Rose, Daniel"]
[Black "von Mettenheim, Johannes"]
[Result "0-1"]
[Termination "normal"]
[Board "7"]
[WhiteElo "1848"]
[BlackElo "1953"]
[WhiteClock "00:01:28"]
[BlackClock "00:59:49"]
[PlyCount "64"]
[WhiteFideId "16242963"]
[BlackFideId "16244818"]
[EventCountry "GER"]
[EventRounds "9"]
[EventType "swiss"]
[EventDate "2021.08.22"]

1. d4 {[%clk 1:30:58]} Nf6 {[%clk 1:30:50]} 2. c4 {[%clk 1:31:25]} e6 {[%clk
1:31:15]} 3. Nc3 {[%clk 1:31:50]} d5 {[%clk 1:31:42]} 4. cxd5 {[%clk 1:32:14]}
exd5 {[%clk 1:32:07]} 5. Bg5 {[%clk 1:32:32]} Nbd7 {[%clk 1:32:30]} 6. e3
{[%clk 1:32:06]} c6 {[%clk 1:32:55]} 7. Bd3 {[%clk 1:32:15]} Be7 {[%clk
1:33:17]} 8. Nge2 {[%clk 1:31:49]} O-O {[%clk 1:33:27]} 9. O-O {[%clk 1:31:02]}
Re8 {[%clk 1:33:32]} 10. Rb1 {[%clk 1:29:16]} a5 {[%clk 1:33:49]} 11. Qc2
{[%clk 1:27:16]} Nf8 {[%clk 1:33:54]} 12. a3 {[%clk 1:26:12]} Ng6 {[%clk
1:32:48]} 13. b4 {[%clk 1:25:01]} axb4 {[%clk 1:33:12]} 14. axb4 {[%clk
1:25:27]} Bd6 {[%clk 1:33:37]} 15. b5 {[%clk 1:22:38]} Bxh2+ {[%clk 1:33:32]}
16. Kh1 {[%clk 1:20:09]} Bd6 {[%clk 1:33:10]} 17. e4 {[%clk 1:18:53]} dxe4
{[%clk 1:31:41]} 18. Nxe4 {[%clk 1:19:02]} Be7 {[%clk 1:31:00]} 19. Bxf6 {[%clk
1:15:05]} Bxf6 {[%clk 1:31:24]} 20. bxc6 {[%clk 1:14:34]} bxc6 {[%clk 1:30:22]}
21. Qxc6 {[%clk 1:14:21]} Be6 {[%clk 1:29:12]} 22. Bb5 {[%clk 0:59:07]} Qe7
{[%clk 1:20:06]} 23. d5 {[%clk 0:55:40]} Be5 {[%clk 1:11:20]} 24. f4 {[%clk
0:29:58]} Rec8 {[%clk 1:09:14]} 25. Qb6 {[%clk 0:29:23]} Bxd5 {[%clk 1:08:25]}
26. Qe3 {[%clk 0:08:27]} Bb8 {[%clk 1:06:39]} 27. Qh3 {[%clk 0:08:06]} Bxf4
{[%clk 1:05:45]} 28. Nxf4 {[%clk 0:08:18]} Bxe4 {[%clk 1:05:51]} 29. Rbe1
{[%clk 0:07:38]} Nxf4 {[%clk 1:06:11]} 30. Rxe4 {[%clk 0:03:56]} Qxe4 {[%clk
1:01:15]} 31. Qg4 {[%clk 0:02:28]} g5 {[%clk 0:59:27]} 32. Qxg5+ {[%clk
0:01:28]} Ng6 {[%clk 0:59:49]} 0-1

[Event "DEM U14 2021"]
[Site "Willingen GER"]
[Date "2021.08.29"]
[Round "9"]
[White "Prieb, Robert"]
[Black "Guo, Philipp Ziming"]
[Result "1/2-1/2"]
[Termination "normal"]
[Board "8"]
[WhiteTitle "CM"]
[WhiteElo "1950"]
[BlackElo "1728"]
[WhiteClock "00:19:45"]
[BlackClock "00:20:14"]
[PlyCount "41"]
[WhiteFideId "16212002"]
[BlackFideId "16245199"]
[EventCountry "GER"]
[EventRounds "9"]
[EventType "swiss"]
[EventDate "2021.08.22"]

1. d4 {[%clk 1:30:54]} Nf6 {[%clk 1:30:43]} 2. c4 {[%clk 1:31:00]} e6 {[%clk
1:30:58]} 3. Nf3 {[%clk 1:31:08]} Bb4+ {[%clk 1:30:49]} 4. Bd2 {[%clk 1:30:37]}
c5 {[%clk 1:30:58]} 5. Bxb4 {[%clk 1:26:31]} cxb4 {[%clk 1:31:19]} 6. Nbd2
{[%clk 1:24:57]} O-O {[%clk 1:29:33]} 7. e4 {[%clk 1:20:04]} d6 {[%clk
1:29:43]} 8. Bd3 {[%clk 1:18:16]} e5 {[%clk 1:29:00]} 9. d5 {[%clk 1:15:54]} b6
{[%clk 1:20:54]} 10. h3 {[%clk 1:10:32]} a5 {[%clk 1:14:13]} 11. g4 {[%clk
1:01:30]} g6 {[%clk 1:11:52]} 12. Nh2 {[%clk 0:53:19]} Na6 {[%clk 1:06:08]} 13.
Bc2 {[%clk 0:47:31]} Nc5 {[%clk 1:03:33]} 14. Nhf1 {[%clk 0:41:19]} Bd7 {[%clk
0:46:31]} 15. Ne3 {[%clk 0:37:11]} Qe7 {[%clk 0:35:56]} 16. h4 {[%clk 0:30:11]}
h5 {[%clk 0:29:49]} 17. f3 {[%clk 0:28:04]} Kg7 {[%clk 0:29:09]} 18. Qe2 {[%clk
0:25:17]} Rh8 {[%clk 0:28:30]} 19. Qg2 {[%clk 0:23:28]} Kf8 {[%clk 0:23:49]}
20. Rh2 {[%clk 0:21:37]} Ke8 {[%clk 0:20:14]} 21. Qg3 {[%clk 0:19:45]} 1/2-1/2

[Event "DEM U14 2021"]
[Site "Willingen GER"]
[Date "2021.08.29"]
[Round "9"]
[White "Honstein, Michael"]
[Black "Rempe, Jonas"]
[Result "1/2-1/2"]
[Termination "normal"]
[Board "9"]
[WhiteElo "1810"]
[BlackElo "2026"]
[WhiteClock "00:12:09"]
[BlackClock "00:01:53"]
[PlyCount "56"]
[WhiteFideId "16287053"]
[BlackFideId "16202406"]
[EventCountry "GER"]
[EventRounds "9"]
[EventType "swiss"]
[EventDate "2021.08.22"]

1. e4 {[%clk 1:30:57]} e5 {[%clk 1:30:54]} 2. Nf3 {[%clk 1:31:19]} Nc6 {[%clk
1:31:20]} 3. Nc3 {[%clk 1:31:45]} Nf6 {[%clk 1:31:44]} 4. d4 {[%clk 1:31:56]}
exd4 {[%clk 1:24:22]} 5. Nxd4 {[%clk 1:32:19]} Nxd4 {[%clk 1:24:47]} 6. Qxd4
{[%clk 1:32:39]} d6 {[%clk 1:25:15]} 7. Bg5 {[%clk 1:32:53]} Be7 {[%clk
1:24:50]} 8. O-O-O {[%clk 1:32:50]} O-O {[%clk 0:58:37]} 9. Bc4 {[%clk
1:23:56]} Nd7 {[%clk 0:56:59]} 10. Bxe7 {[%clk 1:22:35]} Qxe7 {[%clk 0:57:23]}
11. Nd5 {[%clk 1:21:01]} Qd8 {[%clk 0:57:15]} 12. Rd3 {[%clk 1:11:39]} Ne5
{[%clk 0:28:22]} 13. Rg3 {[%clk 1:10:34]} c6 {[%clk 0:27:28]} 14. Nc3 {[%clk
0:55:19]} Qf6 {[%clk 0:17:30]} 15. Rd1 {[%clk 0:45:39]} Rd8 {[%clk 0:14:14]}
16. Bb3 {[%clk 0:41:11]} Be6 {[%clk 0:12:17]} 17. Bxe6 {[%clk 0:40:41]} fxe6
{[%clk 0:12:19]} 18. Ne2 {[%clk 0:29:25]} c5 {[%clk 0:09:33]} 19. Qe3 {[%clk
0:29:28]} b5 {[%clk 0:08:56]} 20. f4 {[%clk 0:27:30]} Nc4 {[%clk 0:08:45]} 21.
Qc3 {[%clk 0:27:53]} Qxc3 {[%clk 0:08:42]} 22. Nxc3 {[%clk 0:28:18]} b4 {[%clk
0:08:12]} 23. Ne2 {[%clk 0:19:48]} a5 {[%clk 0:05:08]} 24. b3 {[%clk 0:15:03]}
Nb6 {[%clk 0:04:46]} 25. c4 {[%clk 0:13:06]} Kf7 {[%clk 0:01:15]} 26. f5 {[%clk
0:12:47]} e5 {[%clk 0:01:34]} 27. Rgd3 {[%clk 0:12:42]} Ke7 {[%clk 0:01:53]}
28. Kd2 {[%clk 0:12:09]} Nd7 1/2-1/2

[Event "DEM U14 2021"]
[Site "Willingen GER"]
[Date "2021.08.29"]
[Round "9"]
[White "Metzdorf, Matteo"]
[Black "Krüger, Arthur"]
[Result "1/2-1/2"]
[Termination "normal"]
[Board "10"]
[WhiteElo "1859"]
[BlackElo "1643"]
[WhiteClock "00:02:17"]
[BlackClock "00:05:41"]
[PlyCount "130"]
[WhiteFideId "16209869"]
[BlackFideId "16244966"]
[EventCountry "GER"]
[EventRounds "9"]
[EventType "swiss"]
[EventDate "2021.08.22"]

1. e4 {[%clk 1:30:57]} e6 {[%clk 1:30:49]} 2. d4 {[%clk 1:31:22]} d5 {[%clk
1:31:16]} 3. Nc3 {[%clk 1:31:48]} Nf6 {[%clk 1:31:42]} 4. e5 {[%clk 1:32:12]}
Nfd7 {[%clk 1:32:09]} 5. Nce2 {[%clk 1:32:36]} c5 {[%clk 1:32:19]} 6. c3 {[%clk
1:32:59]} Nc6 {[%clk 1:32:24]} 7. Nf3 {[%clk 1:33:10]} b5 {[%clk 1:31:33]} 8.
Nf4 {[%clk 1:25:42]} b4 {[%clk 1:26:34]} 9. a3 {[%clk 1:15:03]} bxc3 {[%clk
1:25:38]} 10. bxc3 {[%clk 1:15:02]} Qb6 {[%clk 1:12:54]} 11. Qd3 {[%clk
1:08:18]} Rb8 {[%clk 1:01:39]} 12. Be2 {[%clk 1:03:24]} c4 {[%clk 0:54:21]} 13.
Qe3 {[%clk 0:55:40]} Na5 {[%clk 0:51:30]} 14. O-O {[%clk 0:43:29]} Nb3 {[%clk
0:50:24]} 15. Ra2 {[%clk 0:43:16]} Be7 {[%clk 0:40:28]} 16. a4 {[%clk 0:36:19]}
Qa5 {[%clk 0:36:08]} 17. Nh5 {[%clk 0:30:25]} Rg8 {[%clk 0:32:56]} 18. Bb2
{[%clk 0:24:50]} Nb6 {[%clk 0:25:46]} 19. Qf4 {[%clk 0:22:39]} h6 {[%clk
0:21:00]} 20. Nf6+ {[%clk 0:21:06]} Kf8 {[%clk 0:18:36]} 21. Nxg8 Kxg8 {[%clk
0:19:04]} 22. Bd1 {[%clk 0:15:40]} Nxa4 {[%clk 0:17:47]} 23. Qe3 {[%clk
0:14:44]} Bd7 {[%clk 0:15:05]} 24. Nd2 {[%clk 0:12:51]} Qb6 {[%clk 0:13:10]}
25. Ba3 {[%clk 0:12:31]} Bxa3 {[%clk 0:11:59]} 26. Rxa3 {[%clk 0:12:54]} Nxd2
{[%clk 0:10:04]} 27. Qxd2 {[%clk 0:13:19]} Nb2 {[%clk 0:08:32]} 28. Bc2 {[%clk
0:11:26]} Nd3 {[%clk 0:08:02]} 29. Rfa1 {[%clk 0:10:40]} Rb7 {[%clk 0:06:18]}
30. Bxd3 {[%clk 0:10:45]} cxd3 {[%clk 0:06:40]} 31. Qxd3 {[%clk 0:10:45]} Bb5
{[%clk 0:06:55]} 32. Qb1 {[%clk 0:09:35]} a6 {[%clk 0:06:35]} 33. h3 {[%clk
0:07:52]} Qd8 {[%clk 0:05:31]} 34. Qc1 {[%clk 0:07:45]} Qc7 {[%clk 0:05:23]}
35. Rb1 {[%clk 0:06:48]} Qc4 {[%clk 0:05:17]} 36. Qd2 {[%clk 0:06:13]} Kf8
{[%clk 0:04:14]} 37. Rab3 {[%clk 0:05:55]} Kg8 {[%clk 0:03:54]} 38. Rb4 {[%clk
0:04:12]} Qc6 {[%clk 0:03:51]} 39. Qb2 {[%clk 0:03:39]} Rc7 {[%clk 0:02:39]}
40. Rc1 {[%clk 0:02:16]} Rc8 {[%clk 0:02:33]} 41. Qb1 {[%clk 0:27:40]} Rc7
{[%clk 0:31:13]} 42. f4 {[%clk 0:21:01]} g6 {[%clk 0:27:59]} 43. Kh2 {[%clk
0:17:55]} Qd7 {[%clk 0:27:05]} 44. Qb2 {[%clk 0:17:48]} Qe7 {[%clk 0:24:21]}
45. Qd2 {[%clk 0:16:32]} Kh7 {[%clk 0:23:53]} 46. Ra1 {[%clk 0:13:44]} Qh4
{[%clk 0:22:22]} 47. g3 {[%clk 0:13:42]} Qh5 {[%clk 0:22:22]} 48. Kg2 {[%clk
0:11:31]} Qf5 {[%clk 0:21:50]} 49. Re1 {[%clk 0:09:47]} h5 {[%clk 0:21:31]} 50.
Rb2 {[%clk 0:09:22]} Rb7 {[%clk 0:18:33]} 51. Kh2 {[%clk 0:08:10]} Kg7 {[%clk
0:16:42]} 52. Qc2 {[%clk 0:05:36]} Bd3 {[%clk 0:16:35]} 53. Qc1 {[%clk
0:04:31]} Rxb2+ {[%clk 0:15:49]} 54. Qxb2 {[%clk 0:04:54]} Bb5 {[%clk 0:15:40]}
55. Qb1 {[%clk 0:04:15]} Bd3 {[%clk 0:15:07]} 56. Qc1 {[%clk 0:03:46]} Bb5
{[%clk 0:12:21]} 57. Qd2 {[%clk 0:04:11]} Bc4 {[%clk 0:11:37]} 58. Kg2 {[%clk
0:03:31]} Bb5 {[%clk 0:10:22]} 59. Rc1 {[%clk 0:03:22]} Qe4+ {[%clk 0:09:18]}
60. Kh2 {[%clk 0:03:15]} Bc4 {[%clk 0:09:02]} 61. Qc2 {[%clk 0:03:09]} Qe3
{[%clk 0:07:12]} 62. Rg1 {[%clk 0:02:29]} h4 {[%clk 0:05:09]} 63. gxh4 {[%clk
0:02:25]} Qxf4+ {[%clk 0:05:30]} 64. Rg3 {[%clk 0:02:46]} Qxh4 {[%clk 0:05:21]}
65. Qf2 {[%clk 0:02:17]} Qe7 {[%clk 0:05:41]} 1/2-1/2

[Event "DEM U14 2021"]
[Site "Willingen GER"]
[Date "2021.08.29"]
[Round "9"]
[White "Danninger, Hugo"]
[Black "Ehrig, Leon Chris"]
[Result "1/2-1/2"]
[Termination "normal"]
[Board "11"]
[WhiteElo "1749"]
[BlackElo "1671"]
[WhiteClock "00:10:12"]
[BlackClock "00:07:56"]
[PlyCount "75"]
[WhiteFideId "16271246"]
[BlackFideId "16244796"]
[EventCountry "GER"]
[EventRounds "9"]
[EventType "swiss"]
[EventDate "2021.08.22"]

1. e4 {[%clk 1:30:56]} c5 {[%clk 1:30:44]} 2. Nf3 {[%clk 1:31:17]} e6 {[%clk
1:31:10]} 3. d4 {[%clk 1:31:41]} cxd4 {[%clk 1:31:36]} 4. Nxd4 {[%clk 1:32:06]}
Nf6 {[%clk 1:32:02]} 5. Nc3 {[%clk 1:32:11]} Nc6 {[%clk 1:32:23]} 6. Ndb5
{[%clk 1:32:29]} d6 {[%clk 1:32:47]} 7. Bf4 {[%clk 1:32:48]} e5 {[%clk
1:33:14]} 8. Bg5 {[%clk 1:33:11]} a6 {[%clk 1:33:37]} 9. Na3 {[%clk 1:33:34]}
b5 {[%clk 1:34:03]} 10. Nd5 {[%clk 1:33:57]} Be7 {[%clk 1:34:25]} 11. Bxf6
{[%clk 1:33:37]} Bxf6 {[%clk 1:34:46]} 12. c3 {[%clk 1:33:39]} O-O {[%clk
1:33:48]} 13. Nc2 {[%clk 1:33:16]} Bg5 {[%clk 1:32:29]} 14. Bd3 {[%clk
1:30:11]} Be6 {[%clk 1:28:38]} 15. Nce3 {[%clk 1:28:27]} Ne7 {[%clk 1:22:11]}
16. Bc2 {[%clk 1:26:08]} g6 {[%clk 1:14:42]} 17. O-O {[%clk 1:16:38]} Kg7
{[%clk 1:04:48]} 18. a4 {[%clk 1:06:14]} Bxe3 {[%clk 0:58:40]} 19. Nxe3 {[%clk
1:06:25]} f5 {[%clk 0:57:36]} 20. exf5 {[%clk 1:03:18]} gxf5 {[%clk 0:55:47]}
21. Bb3 {[%clk 1:03:24]} d5 {[%clk 0:40:24]} 22. f4 {[%clk 0:52:58]} bxa4
{[%clk 0:33:57]} 23. Bxa4 {[%clk 0:51:49]} Qb6 {[%clk 0:33:46]} 24. Re1 {[%clk
0:41:46]} exf4 {[%clk 0:32:20]} 25. Qd4+ {[%clk 0:40:11]} Qxd4 {[%clk 0:31:58]}
26. cxd4 {[%clk 0:40:37]} Kf6 {[%clk 0:22:34]} 27. Nd1 {[%clk 0:37:41]} Rfb8
{[%clk 0:22:19]} 28. Re2 {[%clk 0:35:18]} Rb4 {[%clk 0:21:54]} 29. Rd2 {[%clk
0:32:11]} Rab8 {[%clk 0:17:50]} 30. Bc2 {[%clk 0:29:27]} R8b6 {[%clk 0:16:46]}
31. Ra4 {[%clk 0:23:05]} Nc6 {[%clk 0:14:58]} 32. Kf2 {[%clk 0:20:18]} Rxa4
{[%clk 0:12:11]} 33. Bxa4 {[%clk 0:20:36]} Na5 {[%clk 0:12:27]} 34. b3 {[%clk
0:18:24]} Rb4 {[%clk 0:12:20]} 35. Rd3 {[%clk 0:16:34]} Nb7 {[%clk 0:10:20]}
36. Kf3 {[%clk 0:14:20]} Nd6 {[%clk 0:09:05]} 37. Nc3 {[%clk 0:10:03]} Ne4
{[%clk 0:07:56]} 38. Ne2 {[%clk 0:10:12]} 1/2-1/2

[Event "DEM U14 2021"]
[Site "Willingen GER"]
[Date "2021.08.29"]
[Round "9"]
[White "Hayen, Andre"]
[Black "Schön, Florian"]
[Result "1/2-1/2"]
[Termination "normal"]
[Board "14"]
[WhiteElo "1438"]
[BlackElo "1642"]
[WhiteClock "00:30:15"]
[BlackClock "00:26:25"]
[PlyCount "79"]
[WhiteFideId "16278984"]
[BlackFideId "16259394"]
[EventCountry "GER"]
[EventRounds "9"]
[EventType "swiss"]
[EventDate "2021.08.22"]

1. e4 {[%clk 1:30:58]} d5 {[%clk 1:30:56]} 2. exd5 {[%clk 1:31:22]} Qxd5 {[%clk
1:31:25]} 3. Nf3 {[%clk 1:30:34]} Nf6 {[%clk 1:30:20]} 4. d4 {[%clk 1:29:42]}
Bg4 {[%clk 1:29:50]} 5. Be2 {[%clk 1:30:03]} e6 {[%clk 1:30:01]} 6. c4 {[%clk
1:29:20]} Qd8 {[%clk 1:30:02]} 7. O-O {[%clk 1:29:09]} Be7 {[%clk 1:30:14]} 8.
Be3 {[%clk 1:27:24]} O-O {[%clk 1:30:24]} 9. Ne5 {[%clk 1:26:23]} Bxe2 {[%clk
1:29:28]} 10. Qxe2 {[%clk 1:26:34]} Nbd7 {[%clk 1:28:51]} 11. Nc3 {[%clk
1:25:20]} c6 {[%clk 1:26:27]} 12. a3 {[%clk 1:22:36]} Qc7 {[%clk 1:25:04]} 13.
Bf4 {[%clk 1:19:50]} Bd6 {[%clk 1:24:57]} 14. Nxd7 {[%clk 1:19:20]} Qxd7 {[%clk
1:24:16]} 15. Bxd6 {[%clk 1:19:15]} Qxd6 {[%clk 1:24:35]} 16. Rfd1 {[%clk
1:16:44]} Rfd8 {[%clk 1:22:38]} 17. Rd2 {[%clk 1:14:53]} a6 {[%clk 1:17:26]}
18. Rad1 {[%clk 1:08:06]} h6 {[%clk 1:14:52]} 19. Qe5 {[%clk 1:02:47]} Rac8
{[%clk 1:12:39]} 20. h3 {[%clk 1:02:05]} b5 {[%clk 1:03:34]} 21. Qe2 {[%clk
0:56:35]} Rd7 {[%clk 0:56:13]} 22. a4 {[%clk 0:52:41]} b4 {[%clk 0:52:23]} 23.
Ne4 {[%clk 0:52:00]} Nxe4 {[%clk 0:52:44]} 24. Qxe4 {[%clk 0:52:29]} Rcd8
{[%clk 0:52:16]} 25. b3 {[%clk 0:51:42]} a5 {[%clk 0:52:39]} 26. Qh4 {[%clk
0:49:17]} Qc7 {[%clk 0:46:21]} 27. Rd3 {[%clk 0:46:03]} Qb6 {[%clk 0:43:42]}
28. Qf4 {[%clk 0:42:35]} Qc7 {[%clk 0:39:05]} 29. Qg4 {[%clk 0:40:01]} e5
{[%clk 0:37:47]} 30. Qg3 {[%clk 0:37:01]} f6 {[%clk 0:32:11]} 31. Qg4 {[%clk
0:34:00]} exd4 {[%clk 0:30:49]} 32. Rxd4 {[%clk 0:33:24]} Rxd4 {[%clk 0:31:09]}
33. Rxd4 {[%clk 0:33:52]} Rxd4 {[%clk 0:31:16]} 34. Qxd4 {[%clk 0:34:19]} c5
{[%clk 0:31:38]} 35. Qd5+ {[%clk 0:34:01]} Kf8 {[%clk 0:30:26]} 36. Kf1 {[%clk
0:34:15]} Ke7 {[%clk 0:30:37]} 37. h4 {[%clk 0:32:10]} Qd6 {[%clk 0:29:49]} 38.
Qb7+ {[%clk 0:31:01]} Ke6 {[%clk 0:28:41]} 39. Qe4+ {[%clk 0:30:48]} Qe5 {[%clk
0:26:25]} 40. Qg4+ {[%clk 0:30:15]} 1/2-1/2